NFL Rushing Leaders: Jacksonville Jaguars - Statistics

General Stats
  • This quiz has been taken 60 times
  • The average score is 5 of 10
Answer Stats
Rank Player Yards Years w/ Team % Correct
1 FredTaylor 11271 1998-2008
92%
2 MauriceJones-Drew 8071 2006-2013
90%
7 TravisEtienne 2133 2022-2023
75%
4 Leonard Fournette 2631 2017-2019
69%
6 JamesRobinson 2177 2020-2022
53%
5 MarkBrunell 2219 1995-2003
33%
9 BlakeBortles 1775 2014-2018
29%
8 T. J.Yeldon 1872 2015-2018
24%
10 DavidGarrard 1746 2002-2010
22%
3 JamesStewart 2951 1995-1999
12%
No matching quizzes found
Score Distribution
Percent of People with Each Score
Percentile by Number Answered
Your Score History
You have not taken this quiz